000 00805nam a2200265Ia 4500
003 OSt
005 20220928113643.0
006 a|||||r|||| 00| 0
007 ta
008 220927b |||||||| |||| 00| 0 eng d
020 _c1601.4698000000001
024 _a118398
037 _b293, 03/01/2013, Classic Book Service
_cTextual
040 _aSDCL
_cSDCL
_beng
041 _2eng
_aeng
082 _aX:5381, Q3
100 _aColeman William D.
_9434292
245 0 _aFifty key thinkers on globalization.
260 _aLondon
_bRoutledge
_c2013
300 _avii,258p.
_ccm.
650 _aPolitical Science
700 _a Sajed Alina
_9434293
942 _hX:5381, Q3
_cTEXL
_2CC
999 _c750640
_d750640